000 00507nam a2200181Ia 4500
008 240925s9999 xx 000 0 und d
020 _a97801238
082 _a005.741 HAN
100 _aJiawei Han; Micheline Kamber
245 0 _aData Mining: concepts and techniques
250 _a3rd
260 _aAmsterdam:
_bElsevier
_c,2012.
300 _a606p.
_bN.A
_fPirated
500 _aIncludes Index
600 _aComputer Science
650 _aComputer science, information & general works
942 _cBK
999 _c12312
_d12312